El columpio de los sueños. Cuentos de niños y niñas dominicanas / Editado por Liliana Montenegro, Compilado por Equipo técnico PEF-Lengua española (Record no. 7783)
[ view plain ]
| 000 -LEADER | |
|---|---|
| campo de control de longitud fija | 00473nam a2200145Ia 4500 |
| 001 - NÚMERO DE CONTROL | |
| campo de control | 4259 |
| 008 - DATOS DE LONGITUD FIJA--INFORMACIÓN GENERAL | |
| campo de control de longitud fija | 241024s9999 xx 000 0 und d |
| 020 ## - NÚMERO INTERNACIONAL ESTÁNDAR DEL LIBRO | |
| Número Internacional Estándar del Libro | 978-9945-415-51-3 |
| 082 ## - NÚMERO DE LA CLASIFICACIÓN DECIMAL DEWEY | |
| Número de clasificación | RD/863.5/C726 |
| 100 ## - ENTRADA PRINCIPAL--NOMBRE DE PERSONA | |
| Nombre de persona | [*SIN AUTOR*] |
| 245 #0 - MENCIÓN DEL TÍTULO | |
| Título | El columpio de los sueños. Cuentos de niños y niñas dominicanas / Editado por Liliana Montenegro, Compilado por Equipo técnico PEF-Lengua española |
| 260 ## - PUBLICACIÓN, DISTRIBUCIÓN, ETC. | |
| Nombre del editor, distribuidor, etc. | PUCMM |
| Fecha de publicación, distribución, etc. | 2013 |
| 901 ## - ELEMENTOS DE DATOS A LOCAL LDA (RLIN) | |
| a | 24/8/2016 3:06:55 p.m. |
No items available.